000 01375cam a22002054a 4500
005 20250605163948.0
008 250528s ||||||||||||||||||||||||d
035 _a15289
020 _a1873981155
040 _aGR-AtMCL
_bgre
_dGR-AtMCL
_eAACR2
245 1 _aManagement Accounting / Third Edition
250 _a3rd
260 _bDp Publications Ltd,
_c1992
300 _a570
520 _aThis book provides a thorough understanding of Management Accounting. Preface, What is Management Accounting, Cost Accounting and Cost Ascertainment: A Revision, Cost Behavior, Information and Management Accounting, Planning and System Concepts, Long-Term Planning, Budgeting, Control and Concepts and System Principles, Budgetary Control, Standard Costing, Stock Control, Decision Making: An Introduction, Marginal Costing and C-V-P Analysis, Pricing Decisions, Linear Programming, Investment Appraisal, Divisional Performance Appraisal, Transfer Pricing, Ratio Analysis, AMT and Management Accounting, Management Accounting and Computers, Solutions to Examination Questions Set at End of Chapters, Tables, Present Value Factors, Present Value Annuity Factors, Areas Under the Normal Curve, Compound Interest, Appendices, Management Accounting Case Studies, Examination Technique, Index.
700 1 _aLucey Terry
_91176
942 _cBK
999 _c880
_d880